Arvatuimmat maat "Maailman valtiot"-visassa • A-Z - Statistics

Yleistilastot
  • Tätä visaa on pelattu 618 kertaa
  • Keskiarvotulos 18 / 24
Vastaustilastot
# % Arvatuin maa % Oikein
S 98 Suomi
93%
R 97 Ruotsi
92%
N 97 Norja
88%
V 97 Venäjä
87%
Y 94 Yhdysvallat
86%
K 95 Kiina
81%
T 94 Tanska
81%
E 95 Espanja
80%
A 93 Australia
79%
J 93 Japani
79%
I 96 Italia
78%
Q 28 Qatar
78%
L 94 Latvia / Liettua
75%
Z 30 Zimbabwe
74%
B 89 Brasilia
73%
O 42 Oman
71%
C 77 Chile
64%
U 83 Ukraina
64%
H 50 Haiti
62%
P 92 Portugali
59%
F 53 Filippiinit
57%
M 88 Meksiko
55%
G 36 Ghana
53%
D 34 Dominikaaninen tasavalta
46%
Ehtoja vastaavia visoja ei löytynyt
Tulosjakauma
Jokaisen tuloksen saaneiden osuus
Persentiili vastausten määrän mukaan
Tuloshistoriasi
Et ole pelannut tätä visaa